|
|
|
|
| LEADER |
00831cam a2200241 7i4500 |
| 001 |
0000028008 |
| 005 |
20091015090000.0 |
| 008 |
091015 eng |
| 020 |
|
|
|a 9780787999087 (pbk.)
|
| 040 |
|
|
|a OhCoOLI
|
| 090 |
0 |
0 |
|a HV41.2
|b .W37 2008
|
| 100 |
1 |
|
|a Warwick, Mal
|
| 245 |
0 |
0 |
|a How to write successful fundraising letters
|c Mal Warwick.
|
| 250 |
|
|
|a 2nd ed.
|
| 260 |
|
|
|a San Francisco, CA:
|b Jossey-Bass,
|c 2008.
|
| 300 |
|
|
|a xviii, 310 p.:
|b ill.;
|c 28 cm..
|
| 490 |
0 |
|
|a Jossey-Bass nonprofit guidebook series
|
| 500 |
|
|
|a CD-ROM in pocket
|
| 500 |
|
|
|a Includes index
|
| 650 |
0 |
0 |
|a Nonprofit organizations --
|x Finance
|
| 650 |
0 |
0 |
|a Direct-mail fund raising
|
| 999 |
|
|
|a 0000034588
|b BOK
|c OPEN SHELF
|e 1st Floor, Bestari Jaya
|
| 999 |
|
|
|a CDR0001489
|b CD-ROM
|c OPEN SHELF
|e Circulation Counter, Bestari Jaya
|